|
|
|
|
| LEADER |
00926cam a2200253 7i4500 |
| 001 |
0000067079 |
| 005 |
20220311090000.0 |
| 020 |
|
|
|a 9780429446641 (electronic book)
|
| 020 |
|
|
|a 9781138315068 (pbk)
|
| 020 |
|
|
|a 9780429446610 (hbk)
|
| 090 |
0 |
0 |
|a QA76.9.D343
|b R63 2020
|
| 100 |
1 |
|
|a Rogel-Salazar, Jesus
|
| 245 |
1 |
0 |
|a Advanced data science and analytics with Python
|c Jesus Rogel-Salazar.
|
| 264 |
|
|
|a Boca Raton:
|b CRC Press,
|c 2020.
|
| 300 |
|
|
|a 1 online resource (xxxv, 383 pages):
|b text file, PDF.
|
| 336 |
|
|
|a text
|2 rdacontent
|
| 337 |
|
|
|a computer
|2 rdamedia
|
| 338 |
|
|
|a online resource
|2 rdacarrier
|
| 650 |
0 |
0 |
|a Python (Computer program language)
|
| 650 |
0 |
0 |
|a Data mining
|
| 655 |
0 |
0 |
|a Electronic books
|
| 856 |
4 |
2 |
|u http://library.unisel.edu.my/web/guest/mylibrary
|
| 997 |
|
|
|a Communication, Visual Art & Computing, Faculty
|b Computing, Department
|
| 999 |
|
|
|a EBO0011697
|b EBOOK
|c EBOOK
|e Electronic resources
|